Exports, Trade Policy and Economic Growth in Eras of Globalization /

Bibliographic Details
Main Author: Feasel, Edward M. (Author)
Format: Book
Published: ♭.
Edition:1st edition.
Subjects:
LEADER 00851cam a2200277 7i4500
001 0000036618
005 20210504090000.0
007 ##ta
008 210504s2018 my eng
020 # # |a 9780367504236  
040 # # |a MATR 
090 0 0 |a B 382.2   |b FEA 
100 1 # |a Feasel, Edward M.   |e author  
245 0 0 |a Exports, Trade Policy and Economic Growth in Eras of Globalization /   |c Edward M. Feasel. 
250 0 0 |a 1st edition. 
264 # 0 |a London:   |b Routledge,   |c 2018. 
264 # 4 |a ♭. 
300 # # |a xiv, 227pages:   |b illustrations;   |c 23 cm. 
336 # # |a text  |2 rdacontent 
337 # # |a unmediated  |2 rdamedia 
338 # # |a volume  |2 rdacarrier 
504 # # |a Includes bibliographical references and index 
650 2 0 |a Commercial treaties  
650 1 0 |a International trade  
650 2 0 |a Exports  
999 |a B000041299  |b Book  |c Book  |e Business Information Centre